| 000 | 00454nam a22001577a 4500 | ||
|---|---|---|---|
| 003 | OSt | ||
| 008 | 260626b |||||||| |||| 00| 0 eng d | ||
| 020 | _a9780323884969 | ||
| 082 |
_bZ36E _a579.503 |
||
| 245 | _aEncyclopedia of Mycology/ edited by Oscar Zaragoza...[et al.] | ||
| 260 |
_aAmsterdam : _bOliver Walter, _c2021. |
||
| 300 | _axxviii, 843 p. | ||
| 650 | _aPure Sciences | Biology | Mycology | ||
| 700 | _aZaragoza, Oscar | ||
| 942 |
_2ddc _cBK |
||
| 999 |
_c52339 _d52339 |
||